000 01462cam a22003612 b4500
001 10159803
003 Nust- CAS-E
005 20180118181401.0
006 m d
007 cr n
008 110623e20110904njua s|||||||| 2|eng|d
020 _a9781447121336
020 _a1447121333
_cUSD 129.00 Retail Price
024 3 _a9781447121336
035 _a(WaSeSS)ssj0000610885
037 _a1447121333
_b00024965
040 _aBIP US
_dWaSeSS
_c0
050 4 _aTK7871
082 0 0 _a621.32
_223
_bPOD 2011
100 1 _aPode, Ramchandra
_eAuthor
210 1 0 _aSolar Lighting
245 1 0 _aSolar Lighting
_h[electronic resource]
260 _aNew York :
_bSpringer
_cSept. 2011
440 0 _aGreen Energy and Technology Ser.
506 _aLicense restrictions may limit access.
520 8 _aAnnotation
_bAnalyzing energy-efficient lighting using solar-powered LED systems, this book focuses on the interplay of energy transformation and device efficiency. Covering many aspects of renewable energy, it explains how more efficient appliances can reduce the cost of energy.
521 _aScholarly & Professional
_bSpringer
700 1 _aDiouf,Boucar
_eAuthor
773 0 _tSpringerLink ebooks - Engineering (2011)
856 4 0 _uhttp://www.columbia.edu/cgi-bin/cul/resolve?clio10159803
_zFull text available from SpringerLink ebooks - Engineering (2011)
910 _aBowker Global Books in Print record
942 _2ddc
_cBK
999 _c355415
_d355415